Vi tính cho người mới bắt đầu : Hướng dẫn bằng hình

Sách được biên soạn dành cho những người mới bắt đầu học sử dụng máy vi tính. Sách gồm 11 bài học đề cập cấu trúc căn bản và những thành phần của máy vi tính, biết cách khởi động và thoát khỏi hệ điều hành Windows, làm việc với các...

Full description

Saved in:
Bibliographic Details
Main Author: Nguyễn, Hoàng Công Tuấn
Format: Book
Language:Undetermined
Published: Thành phố Hồ Chí Minh Hồng Đức 2010
Subjects:
Tags: Add Tag
No Tags, Be the first to tag this record!
Institutions: Trung tâm Học liệu Trường Đại học Cần Thơ
LEADER 01266nam a2200229Ia 4500
001 CTU_155797
008 210402s9999 xx 000 0 und d
020 |c 63000 
082 |a 005.5 
082 |b T502 
100 |a Nguyễn, Hoàng Công Tuấn 
245 0 |a Vi tính cho người mới bắt đầu : 
245 0 |b Hướng dẫn bằng hình 
245 0 |c Nguyễn Hoàng Công Tuấn, Hoàng Sơn 
260 |a Thành phố Hồ Chí Minh 
260 |b Hồng Đức 
260 |c 2010 
520 |a Sách được biên soạn dành cho những người mới bắt đầu học sử dụng máy vi tính. Sách gồm 11 bài học đề cập cấu trúc căn bản và những thành phần của máy vi tính, biết cách khởi động và thoát khỏi hệ điều hành Windows, làm việc với các chương trình Word và Excel, tìn kiếm những file và folder, nghe nhạc trên máy vi tính với chương trình Windows Media Player,... 
650 |a Office practice,Windows (Computer programs) 
650 |x Computer programs 
904 |i Giang 
980 |a Trung tâm Học liệu Trường Đại học Cần Thơ